[Event "40th World Junior Girls"]
[Site "Gandhinagar IND"]
[Date "2024.06.10"]
[Round "8.45"]
[White "Disha U A"]
[Black "Durga Karthika Lellapalli"]
[Result "1/2-1/2"]
[WhiteElo "1660"]
[BlackElo "1631"]
[WhiteFideId "25915622"]
[BlackFideId "25130889"]
[EventDate "2024.06.02"]

1. d4 c5 2. d5 e5 3. e4 d6 4. c4 Be7 5. Nc3 Nf6 6. Bd3 Nbd7 7. f4 exf4 8. Bxf4
Ne5 9. Bxe5 dxe5 10. Nf3 Bd6 11. O-O O-O 12. Nb5 Bb8 13. a3 Qe7 14. Qd2 a5 15.
b4 Nd7 16. bxc5 Nxc5 17. Bc2 Ra6 18. Qe3 Bd7 19. a4 Rg6 20. Nd2 Bxb5 21. axb5
Bd6 22. Kh1 b6 23. Rf3 Nb7 24. Nb3 Rh6 25. Rh3 Rxh3 26. Qxh3 Kh8 27. Nd2 Qg5 1/2-1/2

[Event "40th World Junior Girls"]
[Site "Gandhinagar IND"]
[Date "2024.06.10"]
[Round "8.46"]
[White "Mishra Riya"]
[Black "Banker Reya"]
[Result "1/2-1/2"]
[WhiteElo "1654"]
[BlackElo "1421"]
[WhiteFideId "35024868"]
[BlackFideId "25146491"]
[EventDate "2024.06.02"]

1. e4 c5 2. Nf3 a6 3. d4 cxd4 4. Nxd4 Nf6 5. Nc3 e5 6. Nb3 Nc6 7. Be3 Bb4 8. f3
d5 9. exd5 Nxd5 10. Bd2 Nxc3 11. bxc3 Bd6 12. Bd3 Qh4+ 13. g3 Qf6 14. Qe2 Bh3
15. Be4 Rc8 16. Qf2 h5 17. Rg1 g6 18. Qb6 Qe7 19. O-O-O Be6 20. Kb1 Bxb3 21.
Qxb3 O-O 22. Bg5 Qxg5 23. Rxd6 Kh8 24. Rgd1 Qe3 25. Qa3 Nd4 26. Qa5 Nb5 27. Kb2
Nxd6 28. Qxe5+ Kg8 29. Rxd6 Qc5 30. Rd5 Qb6+ 31. Kc1 1/2-1/2

[Event "40th World Junior Girls"]
[Site "Gandhinagar IND"]
[Date "2024.06.10"]
[Round "8.47"]
[White "Cumacenko, Saule"]
[Black "Asudani Ruhani Raj"]
[Result "0-1"]
[WhiteElo "1595"]
[BlackElo "1645"]
[WhiteFideId "12835560"]
[BlackFideId "25697463"]
[EventDate "2024.06.02"]

1. e4 c5 2. Nc3 Nc6 3. g3 g6 4. Bg2 Bg7 5. d3 e6 6. Be3 d6 7. Qd2 Nge7 8. Bh6
O-O 9. h4 f6 10. Bxg7 Kxg7 11. h5 Rh8 12. h6+ Kf7 13. g4 Nd4 14. Nge2 Nec6 15.
f4 Re8 16. Nd1 d5 17. c3 Nxe2 18. Qxe2 dxe4 19. dxe4 Qc7 20. Qf3 Kg8 21. Ne3 Bd7
22. O-O-O Rad8 23. f5 Ne5 24. Qf1 Rf8 25. fxg6 Nxg6 26. Qg1 Bc6 27. Nc4 Qf4+ 28.
Nd2 Ne5 29. Kc2 Rxd2+ 30. Rxd2 Bxe4+ 31. Kc1 Nc4 0-1

[Event "40th World Junior Girls"]
[Site "Gandhinagar IND"]
[Date "2024.06.10"]
[Round "8.48"]
[White "Benito De Leo, Estefania"]
[Black "Aashi Upadhyay"]
[Result "1/2-1/2"]
[WhiteElo "1900"]
[BlackElo "1653"]
[WhiteFideId "5135311"]
[BlackFideId "25620789"]
[EventDate "2024.06.02"]

1. e4 c5 2. Nf3 Nc6 3. d4 cxd4 4. Nxd4 Nf6 5. Nc3 e6 6. a3 d5 7. exd5 Nxd5 8.
Nxd5 Qxd5 9. Nxc6 Qxd1+ 10. Kxd1 bxc6 11. Be3 Bd6 12. Bc4 Ke7 13. Ke2 Bb7 14. b4
a5 15. bxa5 Rxa5 16. Bb6 Re5+ 17. Be3 Ra8 18. Rhb1 Ba6 19. Bxa6 Rxa6 20. Rb3 Bc5
21. f4 Rh5 22. h3 Bxe3 23. Kxe3 Rc5 24. c3 Ra7 25. Rd1 Rca5 26. Ra1 Rd7 27. c4
Ra4 28. Rc1 Rda7 1/2-1/2

[Event "40th World Junior Girls"]
[Site "Gandhinagar IND"]
[Date "2024.06.10"]
[Round "8.49"]
[White "Falak Joni Naik"]
[Black "ANDHIN, tehjha Nidhi"]
[Result "1-0"]
[WhiteElo "1653"]
[BlackElo "1361"]
[WhiteFideId "45069310"]
[BlackFideId "9700510"]
[EventDate "2024.06.02"]

1. d4 d5 2. Nf3 Nf6 3. e3 Nc6 4. Nbd2 Bf5 5. a3 e6 6. b3 Bd6 7. Bb2 O-O 8. Be2
Ne4 9. O-O Re8 10. Ne5 Nxe5 11. dxe5 Bc5 12. Nf3 f6 13. exf6 Nxf6 14. Ne5 c6 15.
Bd4 Bd6 16. f4 c5 17. Bb2 a6 18. g4 Be4 19. g5 Nd7 20. Ng4 e5 21. Bf3 Bxf3 22.
Qxf3 e4 23. Qh3 d4 24. Rad1 Bc7 25. exd4 Rf8 26. Ne5 Nxe5 27. dxe5 Qb8 28. Rd7
Rf7 29. Qe6 Qe8 30. Qxf7+ Qxf7 31. Rxf7 Kxf7 32. f5 Bd8 33. e6+ Kg8 34. f6 gxf6
35. gxf6 Bb6 36. f7+ Kf8 37. c4 Bc7 38. Bc1 Rd8 39. Bg5 Rd3 40. e7+ Kg7 41.
f8=Q+ Kg6 42. Qh6# 1-0

[Event "40th World Junior Girls"]
[Site "Gandhinagar IND"]
[Date "2024.06.11"]
[Round "9.1"]
[White "Rakshitta, Ravi"]
[Black "Divya, Deshmukh"]
[Result "0-1"]
[WhiteTitle "WGM"]
[BlackTitle "IM"]
[WhiteElo "2271"]
[BlackElo "2456"]
[WhiteFideId "25073230"]
[BlackFideId "35006916"]
[EventDate "2024.06.02"]

1. e4 e6 2. d4 d5 3. Nc3 Nf6 4. Bg5 dxe4 5. Nxe4 Be7 6. Bxf6 Bxf6 7. Nf3 O-O 8.
Qd2 b6 9. O-O-O Bb7 10. Bd3 Nd7 11. h4 Rc8 12. Qf4 c5 13. Ne5 Bxe5 14. dxe5 c4
15. Be2 Bxe4 16. Qxe4 Qc7 17. Bxc4 Nxe5 18. Bb3 Nd7 19. Qe3 b5 20. Rd4 a5 21.
Rhd1 Nc5 22. c3 a4 23. Bc2 a3 24. b4 Na4 25. Qd3 g6 26. Bxa4 bxa4 27. Kc2 e5 28.
Rd6 Qb7 29. Kb1 Qxg2 30. Qe3 Qg4 31. R6d5 Rfe8 32. f3 Qxh4 33. R5d2 Qf6 34. Rc2
Rc4 35. Rd5 Rf4 36. Rf2 e4 37. Rd4 Re5 38. Rh2 Qf5 39. Kc1 h5 40. Rd8+ Kg7 41.
Qd4 Rxf3 0-1

[Event "40th World Junior Girls"]
[Site "Gandhinagar IND"]
[Date "2024.06.11"]
[Round "9.2"]
[White "Mkrtchyan, Mariam"]
[Black "Hryzlova, Sofiia"]
[Result "1-0"]
[WhiteTitle "WIM"]
[BlackTitle "WIM"]
[WhiteElo "2300"]
[BlackElo "2246"]
[WhiteFideId "13310828"]
[BlackFideId "14174669"]
[EventDate "2024.06.02"]

1. d4 Nf6 2. c4 e6 3. Nf3 d5 4. Nc3 a6 5. cxd5 exd5 6. Bg5 Be6 7. e3 Nbd7 8. Bd3
Bd6 9. O-O c6 10. Bh4 Qc7 11. Rc1 O-O 12. Kh1 Rfe8 13. Ng5 Nf8 14. Nxe6 fxe6 15.
f4 b5 16. Qf3 Qf7 17. e4 Be7 18. Bf2 N6d7 19. f5 Nb6 20. b3 Ba3 21. Rc2 exf5 22.
exf5 Rac8 23. Nb1 Be7 24. h4 Qf6 25. g4 Nfd7 26. g5 Qf8 27. Qh5 Bd6 28. f6 g6
29. Bxg6 hxg6 30. Qxg6+ Kh8 31. f7 Re4 32. Bg3 1-0

[Event "40th World Junior Girls"]
[Site "Gandhinagar IND"]
[Date "2024.06.11"]
[Round "9.3"]
[White "Sachi Jain"]
[Black "Krasteva, Beloslava"]
[Result "1-0"]
[WhiteTitle "WFM"]
[BlackTitle "FM"]
[WhiteElo "2124"]
[BlackElo "2289"]
[WhiteFideId "25974050"]
[BlackFideId "2922029"]
[EventDate "2024.06.02"]

1. e4 c5 2. Nf3 d6 3. d4 cxd4 4. Nxd4 Nf6 5. Nc3 a6 6. Nb3 Nc6 7. Be3 e6 8. g4
b5 9. Bg2 Ne5 10. g5 Nfd7 11. Qe2 Bb7 12. f4 Nc4 13. Nd1 Be7 14. h4 Nxe3 15.
Nxe3 Nc5 16. Nxc5 dxc5 17. f5 O-O 18. f6 Qa5+ 19. c3 Bd6 20. fxg7 Bg3+ 21. Kf1
Kxg7 22. Ng4 Bc7 23. Qf2 Bd8 24. Rd1 Qc7 25. e5 Be7 26. Rh3 Rad8 27. Rxd8 Bxd8
28. Qe3 c4 29. Bxb7 Qxb7 30. Rf3 Qd5 31. Kg2 h5 32. gxh6+ Kh7 33. Kg3 f5 34.
exf6 Bc7+ 35. Kh3 Qd1 36. Qe4+ Kh8 37. Kg2 Qd2+ 38. Rf2 Qd5 39. Qxd5 exd5 40.
Rf5 Bd8 41. Kf3 Kg8 42. Rg5+ Kh8 43. Rxd5 Bxf6 44. Rf5 Be7 45. Rxf8+ Bxf8 46.
Ke4 Bd6 47. Nf6 Bg3 48. Kf5 Bxh4 49. Kg6 Bg3 50. Ne4 Bf4 51. Ng5 Bxg5 52. Kxg5
Kh7 53. Kh5 a5 54. Kg5 b4 55. a3 b3 56. a4 Kg8 57. Kf5 1-0

[Event "40th World Junior Girls"]
[Site "Gandhinagar IND"]
[Date "2024.06.11"]
[Round "9.4"]
[White "Rindhiya, V"]
[Black "Allahverdiyeva, Ayan"]
[Result "0-1"]
[WhiteTitle "WFM"]
[BlackTitle "WIM"]
[WhiteElo "1965"]
[BlackElo "2133"]
[WhiteFideId "25040529"]
[BlackFideId "13412590"]
[EventDate "2024.06.02"]

1. e4 c5 2. Nf3 d6 3. d4 cxd4 4. Nxd4 Nf6 5. Nc3 a6 6. Be3 e5 7. Nb3 Be7 8. f3
Be6 9. Qd2 O-O 10. O-O-O Nbd7 11. g4 b5 12. g5 b4 13. Ne2 Nh5 14. f4 g6 15. f5
gxf5 16. exf5 Bxf5 17. Ng3 Nxg3 18. hxg3 Bg6 19. Bd3 e4 20. Be2 Rc8 21. Bh5 Ne5
22. Bxg6 fxg6 23. Qd5+ Rf7 24. Kb1 Bxg5 25. Bxg5 Qxg5 26. Qxe4 Qf5 27. Qxf5 Rxf5
28. Rxd6 Rf2 29. Rc1 Rg2 30. Rxa6 Rxg3 31. Rb6 Rg4 32. Rb5 Nc4 33. Rb7 h5 34.
Rd1 Ne3 35. Re1 Nf5 36. Nd2 Rf8 37. Ne4 Rxe4 38. Rxe4 Nd6 39. Rbe7 Nxe4 0-1

[Event "40th World Junior Girls"]
[Site "Gandhinagar IND"]
[Date "2024.06.11"]
[Round "9.5"]
[White "Swara Lakshmi S Nair"]
[Black "Wikar, Martyna"]
[Result "1/2-1/2"]
[WhiteTitle "WCM"]
[BlackTitle "WIM"]
[WhiteElo "2051"]
[BlackElo "2272"]
[WhiteFideId "25629239"]
[BlackFideId "21807663"]
[EventDate "2024.06.02"]

1. e4 c5 2. Nf3 Nc6 3. d4 cxd4 4. Nxd4 Nf6 5. Nc3 e5 6. Ndb5 d6 7. Bg5 a6 8.
Bxf6 gxf6 9. Na3 b5 10. Nd5 Bg7 11. c3 f5 12. g3 Ne7 13. exf5 Nxd5 14. Qxd5 Bxf5
15. Bg2 Ra7 16. Rd1 O-O 17. O-O Re8 18. Qd2 Bg4 19. Qe3 Rd7 20. Bc6 Bxd1 21.
Rxd1 d5 22. Nc2 Ree7 23. Bxd7 Rxd7 24. Qf3 d4 25. Nb4 a5 26. Nc6 Qf6 27. Qe4 Qe6
28. Nxa5 Qxa2 29. Qc6 Qd5 30. cxd4 exd4 31. Kf1 Qxc6 32. Nxc6 Rc7 33. Nb4 Rc4
34. Nd3 Rc2 35. Kg2 Kf8 36. g4 Ke7 37. Kf3 Kd6 38. Ke4 b4 39. b3 Ke6 40. Nf4+
Kf6 41. Nh5+ Kg6 42. Nxg7 Kxg7 43. Rxd4 Rxf2 44. h4 h5 45. g5 Rh2 46. Ke5 Rh3
47. Rxb4 Kg6 48. Rb6+ Kg7 49. Rb4 Kg6 50. Kd6 Rg3 51. Ke7 Rg4 52. Rc4 Kg7 53.
Kd6 f6 54. gxf6+ Kxf6 55. Kd5 Rg3 56. b4 Ke7 57. b5 Kd8 58. Kc6 Rg6+ 59. Kc5 Kc7
60. Rf4 Rg7 61. Rf5 Rh7 62. Rg5 Kb7 63. Kd6 Kb6 64. Ke6 Rc7 65. Rxh5 Rc4 66. Kf6
Rf4+ 67. Kg5 Rd4 68. Kh6 Rg4 69. Kh7 Ka5 70. Kh8 Kb6 71. Rh7 Kxb5 72. h5 Rg5 73.
Rh6 Kc5 74. Kh7 Kd5 75. Kh8 Ke5 76. Rh7 Kf6 77. Rh6+ Kf7 78. Rh7+ Kf8 79. Rh6
Rg8+ 80. Kh7 1/2-1/2

[Event "40th World Junior Girls"]
[Site "Gandhinagar IND"]
[Date "2024.06.11"]
[Round "9.6"]
[White "Gunawardhana, Devindya Oshini"]
[Black "Balabayeva, Xeniya"]
[Result "1-0"]
[WhiteTitle "WFM"]
[BlackTitle "WIM"]
[WhiteElo "1980"]
[BlackElo "2246"]
[WhiteFideId "29941482"]
[BlackFideId "13719688"]
[EventDate "2024.06.02"]

1. e4 e6 2. d4 d5 3. Nc3 Nf6 4. Bg5 dxe4 5. Nxe4 Be7 6. Bxf6 gxf6 7. Nc3 f5 8.
Nf3 O-O 9. Qd2 c5 10. d5 Bf6 11. O-O-O e5 12. Kb1 e4 13. Ng1 Qd6 14. Nge2 Re8
15. h3 Bd7 16. g4 b5 17. Qf4 Qxf4 18. Nxf4 Be5 19. Nh5 a6 20. d6 Ra7 21. Nd5 Kh8
22. Bg2 Bd4 23. gxf5 Bxf5 24. Rhf1 Bg6 25. Nhf4 Rd7 26. c3 Be5 27. Nxg6+ hxg6
28. Bxe4 Rxd6 29. Kc2 Bh2 30. Bf3 Rde6 31. Ne3 Kg7 32. Bd5 Rb6 33. Rfe1 Kf8 34.
Ng4 Rxe1 35. Rxe1 Bf4 36. Rd1 f5 37. Ne3 Ke7 38. Ng2 Bc7 39. Bf3 Nd7 40. Ne3 Rd6
41. Nd5+ Kd8 42. Re1 Nf8 43. Nf4 Rf6 44. Nd3 Bd6 45. Bb7 c4 46. Nb4 Bxb4 47.
cxb4 g5 48. b3 cxb3+ 49. Kxb3 Rb6 50. Bd5 Rd6 51. Re5 Rf6 52. Kc3 Kd7 53. Kd4
Ng6 54. Re3 Rd6 55. Kc5 Nf4 56. Re5 Nd3+ 57. Kd4 Nxe5 58. Kxe5 Ke7 59. f3 Rf6
60. Bb7 Kf7 61. Bc8 Kg6 62. Be6 Rf8 63. Bd7 Rf7 64. Be8 1-0

[Event "40th World Junior Girls"]
[Site "Gandhinagar IND"]
[Date "2024.06.11"]
[Round "9.7"]
[White "Norman, Kseniya"]
[Black "Kaldarova, Ayaulym"]
[Result "1-0"]
[BlackTitle "WFM"]
[WhiteElo "2134"]
[BlackElo "2100"]
[WhiteFideId "13518780"]
[BlackFideId "13720503"]
[EventDate "2024.06.02"]

1. g3 Nf6 2. Bg2 e5 3. c4 g6 4. Nc3 Bg7 5. e3 O-O 6. Nge2 d6 7. O-O c6 8. d4
Nbd7 9. b3 a5 10. Ba3 Ne8 11. Rc1 Kh8 12. Ne4 Qe7 13. dxe5 Bxe5 14. f4 Bg7 15.
Bxd6 Nxd6 16. Qxd6 Qxd6 17. Nxd6 Nc5 18. Rfd1 Bg4 19. Kf2 Kg8 20. Bf3 Bxf3 21.
Kxf3 Rfd8 22. g4 Rd7 23. Ne4 Nd3 24. Nf2 Rad8 25. Nxd3 Rxd3 26. Rxd3 Rxd3 27.
Rc2 Kf8 28. Ng3 Rd1 29. Ne4 b6 30. Rd2 Rf1+ 31. Ke2 Ra1 32. Nd6 Bc3 33. Rc2 Bb4
34. Nc8 Re1+ 35. Kf2 Rh1 36. Kf3 Bc5 37. Na7 Rf1+ 38. Rf2 Rd1 39. Nxc6 Rd6 40.
Na7 Rd3 41. Re2 a4 42. Ke4 Rd1 43. bxa4 Rg1 44. Nc6 f6 45. Kd5 Ke8 46. a5 Rd1+
47. Nd4 Kd7 48. axb6 Bxb6 49. c5 Bc7 50. c6+ Kc8 51. Ke6 Bxf4 52. exf4 Rxd4 53.
Rf2 Kc7 54. Kxf6 Kxc6 55. Kg7 Rd7+ 56. Kh6 1-0

[Event "40th World Junior Girls"]
[Site "Gandhinagar IND"]
[Date "2024.06.11"]
[Round "9.8"]
[White "Anupam, M Sreekumar"]
[Black "Abdinova, Narmin"]
[Result "0-1"]
[WhiteTitle "WCM"]
[WhiteElo "1872"]
[BlackElo "2121"]
[WhiteFideId "45033501"]
[BlackFideId "13425340"]
[EventDate "2024.06.02"]

1. d4 Nf6 2. c4 e6 3. Nc3 Bb4 4. Qc2 c5 5. dxc5 Bxc5 6. Nf3 b6 7. Bf4 O-O 8. a3
Bb7 9. Rd1 a6 10. b4 Be7 11. e4 Nh5 12. Be3 d6 13. Be2 Nd7 14. O-O Qc7 15. h3
Nhf6 16. Qd3 Rfd8 17. Qd4 Rac8 18. Rc1 h6 19. Rfd1 Qb8 20. Nd2 Qa8 21. f4 Nc5
22. Bf2 Ncxe4 23. Ndxe4 Nxe4 24. Na4 Bf6 25. Qxb6 Bc6 26. b5 axb5 27. cxb5 Qxa4
28. bxc6 Nc3 29. Rxc3 Bxc3 30. c7 Rd7 31. Rxd6 Rxd6 32. Qxd6 Ba5 33. Qa6 Rxc7
34. Bd3 Rc1+ 35. Kh2 Qxf4+ 36. Bg3 Qg5 37. Qa8+ Qd8 38. Qe4 g6 39. Bf4 Bc7 40.
Bb5 g5 0-1

[Event "40th World Junior Girls"]
[Site "Gandhinagar IND"]
[Date "2024.06.11"]
[Round "9.9"]
[White "Kurmangaliyeva, Liya"]
[Black "Shubhi Gupta"]
[Result "0-1"]
[WhiteTitle "FM"]
[BlackTitle "WFM"]
[WhiteElo "2282"]
[BlackElo "1943"]
[WhiteFideId "13725831"]
[BlackFideId "25195425"]
[EventDate "2024.06.02"]

1. d4 d5 2. c4 e6 3. Nf3 Nf6 4. Nc3 Be7 5. Bf4 O-O 6. a3 b6 7. Qc2 c5 8. Rd1 Bb7
9. cxd5 exd5 10. g3 c4 11. Bg2 a6 12. Ne5 b5 13. h4 Nh5 14. e3 f6 15. Ng4 Qd7
16. Bf3 Nxf4 17. exf4 b4 18. axb4 Nc6 19. Bxd5+ Kh8 20. Qe2 Bxb4 21. Be6 Qxd4
22. Rxd4 Nxd4 23. Qxc4 Rad8 24. f3 Bxc3+ 25. Qxc3 Nxe6 26. Kf2 Rc8 27. Qb3 Nc5
28. Qb6 Rc6 29. Qa5 Nd3+ 30. Ke2 Nc1+ 31. Rxc1 Rxc1 32. Qb6 Rb8 33. Qd4 Rc2+ 34.
Kd3 Rcc8 35. Ke2 Rd8 36. Qa4 Bd5 37. b4 Bc4+ 38. Kf2 Rd2+ 39. Kg1 Bb5 40. Qa1
Rc8 41. h5 h6 42. Nxh6 Ba4 43. Nf7+ Kg8 44. Nd6 Rc7 45. Qa3 Rcc2 46. Qa1 Rg2+ 0-1

[Event "40th World Junior Girls"]
[Site "Gandhinagar IND"]
[Date "2024.06.11"]
[Round "9.10"]
[White "Kheerthi, Ganta"]
[Black "Zhurova, Anna"]
[Result "1/2-1/2"]
[WhiteTitle "WFM"]
[BlackTitle "WFM"]
[WhiteElo "1987"]
[BlackElo "2239"]
[WhiteFideId "25626280"]
[BlackFideId "54113075"]
[EventDate "2024.06.02"]

1. d4 Nf6 2. c4 e6 3. Nc3 d5 4. cxd5 exd5 5. Bg5 Bb4 6. Qc2 h6 7. Bh4 g5 8. Bg3
Nc6 9. e3 h5 10. Bb5 h4 11. Be5 O-O 12. h3 Nxe5 13. dxe5 Ne4 14. Bd3 f5 15. Ne2
Qe7 16. a3 Bxc3+ 17. Nxc3 c6 18. f4 Ng3 19. Rg1 Qc5 20. Qf2 Be6 21. Ne2 Nxe2 22.
Kxe2 Qb6 23. Rgb1 Rad8 24. fxg5 d4 25. Qxh4 dxe3 26. Qh6 Qb3 27. Qg6+ Kh8 28.
Qh6+ 1/2-1/2

[Event "40th World Junior Girls"]
[Site "Gandhinagar IND"]
[Date "2024.06.11"]
[Round "9.12"]
[White "Sneha Halder"]
[Black "Donghvani, Nia"]
[Result "1-0"]
[WhiteElo "1958"]
[BlackElo "2070"]
[WhiteFideId "25693263"]
[BlackFideId "13614649"]
[EventDate "2024.06.02"]

1. f4 d5 2. Nf3 g6 3. g3 Bg7 4. Bg2 c5 5. O-O Nc6 6. e3 Nf6 7. h3 h5 8. d3 Qc7
9. Nc3 d4 10. Nb5 Qb6 11. Na3 Qc7 12. e4 a6 13. Nc4 b5 14. Ncd2 e5 15. f5 gxf5
16. exf5 Bb7 17. Nb3 Bf8 18. Bg5 Nd7 19. a4 b4 20. Nfd2 f6 21. Bh4 O-O-O 22. Ne4
Ne7 23. Bxf6 Nxf6 24. Nxf6 Bxg2 25. Kxg2 Qc6+ 26. Ne4 Nd5 27. Qf3 Ne3+ 28. Kh2
Nxf1+ 29. Rxf1 Qd5 30. f6 Kb8 31. Qf5 Bd6 32. f7 Ka8 33. Nbd2 Bc7 34. Nc4 Ka7
35. Ng5 h4 36. Ne6 hxg3+ 37. Kxg3 Bb8 38. Nxd8 e4+ 39. Kg2 Qxd8 40. f8=Q Rxf8
41. Qxf8 Qg5+ 42. Kh1 Bc7 43. dxe4 Qg3 44. Qxc5+ Kb7 45. Na5+ Bxa5 46. Qd5+ Ka7
47. Qxd4+ Kb7 48. Qd5+ Ka7 49. Rf7+ Bc7 50. Qc5+ Kb7 51. Qxc7+ Qxc7 52. Rxc7+
Kxc7 53. h4 Kd6 54. h5 Ke5 55. h6 Kf6 56. e5+ Kg6 57. e6 1-0

[Event "40th World Junior Girls"]
[Site "Gandhinagar IND"]
[Date "2024.06.11"]
[Round "9.14"]
[White "Bhat Sannidhi Ramakrishna"]
[Black "Shohradova, Lala"]
[Result "1-0"]
[BlackTitle "WFM"]
[WhiteElo "1842"]
[BlackElo "2000"]
[WhiteFideId "25792695"]
[BlackFideId "14004089"]
[EventDate "2024.06.02"]

1. d4 d5 2. Bf4 Nf6 3. e3 c5 4. Nf3 Nc6 5. Nbd2 Bf5 6. dxc5 e6 7. Nd4 Bxc5 8.
Nxf5 exf5 9. c3 O-O 10. Be2 Bd6 11. Bxd6 Qxd6 12. O-O f4 13. exf4 Qxf4 14. g3
Qf5 15. Nb3 Rfe8 16. Qd3 Qh3 17. Nd4 Nxd4 18. cxd4 Re4 19. Rfc1 Rae8 20. Bf1 Qd7
21. Qb5 Qe7 22. Rd1 Rc8 23. Bg2 Re2 24. Bf3 Re6 25. Qa5 Rec6 26. Re1 Qd7 27. Qa3
h5 28. h4 Rc2 29. Re5 Qb5 30. Rae1 Rxb2 31. Bxd5 Qb6 32. Bxf7+ Kxf7 33. Qe7+ Kg8
34. Rg5 Ne8 35. Qd7 Qf6 36. Rf5 Qg6 37. Qxc8 Kh7 38. Rxe8 Rb1+ 39. Kh2 Rc1 40.
Rh8# 1-0

[Event "40th World Junior Girls"]
[Site "Gandhinagar IND"]
[Date "2024.06.11"]
[Round "9.15"]
[White "Tejaswini G"]
[Black "Kriti, Mayur Patel"]
[Result "1-0"]
[WhiteTitle "WIM"]
[BlackTitle "WCM"]
[WhiteElo "2059"]
[BlackElo "1691"]
[WhiteFideId "25749978"]
[BlackFideId "35061780"]
[EventDate "2024.06.02"]

1. d4 d5 2. c4 e6 3. Nc3 Nf6 4. Nf3 Be7 5. cxd5 exd5 6. Bf4 c6 7. h3 h6 8. Qc2
Be6 9. e3 Nbd7 10. Bd3 Rc8 11. Rd1 b5 12. Bh2 b4 13. Na4 Qa5 14. b3 c5 15. dxc5
Nxc5 16. Nxc5 Rxc5 17. Qb2 O-O 18. Be5 Rfc8 19. Nd4 Ne8 20. Nxe6 fxe6 21. O-O
Bf6 22. f4 Qc7 23. Qf2 Qe7 24. Qg3 Bxe5 25. fxe5 Qg5 26. Qf3 Qe7 27. Qh5 Rc3 28.
Bb1 Rxe3 29. Qg6 Re4 30. Bxe4 dxe4 31. Qxe4 Nc7 32. Qc6 Rd8 33. Rxd8+ Qxd8 34.
Qd6 Qxd6 35. exd6 Nd5 36. d7 Nf6 37. d8=Q+ Kh7 38. Rxf6 gxf6 39. Qxf6 a5 40. g4
a4 41. h4 a3 42. g5 hxg5 43. hxg5 e5 44. Qf7+ Kh8 45. g6 e4 46. Qh7# 1-0

[Event "40th World Junior Girls"]
[Site "Gandhinagar IND"]
[Date "2024.06.11"]
[Round "9.16"]
[White "Kanishka S"]
[Black "Kanyamarala, Trisha"]
[Result "0-1"]
[BlackTitle "WIM"]
[WhiteElo "1882"]
[BlackElo "2219"]
[WhiteFideId "25731564"]
[BlackFideId "45004722"]
[EventDate "2024.06.02"]

1. c4 e5 2. Nc3 Nf6 3. Nf3 Nc6 4. g3 d5 5. cxd5 Nxd5 6. Bg2 Nb6 7. O-O Be7 8. d3
O-O 9. Be3 Re8 10. Rc1 Bf8 11. a3 Nd4 12. Bxd4 exd4 13. Ne4 a5 14. Qc2 c6 15.
Rfe1 a4 16. Qd2 Ra7 17. h4 Be6 18. Nfg5 Bd5 19. Nh3 h6 20. Qf4 Ra5 21. Nd2 Bd6
22. Qg4 h5 23. Qg5 Qa8 24. Qxh5 Bxg2 25. Ng5 Rxg5 26. hxg5 Bd5 27. Nf3 g6 28.
Qg4 c5 29. e4 dxe3 30. Rxe3 Rxe3 31. fxe3 Qe8 32. e4 Be6 33. Qh4 Qb5 34. Rd1
Qxb2 35. Rd2 Qc1+ 36. Kf2 Qxa3 37. e5 Bf8 38. Rd1 Qb2+ 39. Nd2 Bb3 40. Rh1 Qxd2+ 0-1

[Event "40th World Junior Girls"]
[Site "Gandhinagar IND"]
[Date "2024.06.11"]
[Round "9.17"]
[White "Rejepova, Jahan"]
[Black "Kirtadze, Anastasia"]
[Result "1/2-1/2"]
[BlackTitle "WFM"]
[WhiteElo "1816"]
[BlackElo "2142"]
[WhiteFideId "14006480"]
[BlackFideId "13622714"]
[EventDate "2024.06.02"]

1. d4 Nf6 2. c4 e6 3. Nf3 b6 4. g3 Ba6 5. Qc2 Bb7 6. Bg2 Bb4+ 7. Nbd2 Be4 8. Qd1
Bxd2+ 9. Bxd2 O-O 10. O-O d6 11. Bc3 Nbd7 12. b4 Qe7 13. a3 e5 14. d5 Rac8 15.
Rc1 c6 16. dxc6 Rxc6 17. Bb2 Rfc8 18. Qb3 Bxf3 19. Bxf3 e4 20. Bg2 Qe6 21. Rfd1
b5 22. Qe3 bxc4 23. Bd4 a6 24. f3 exf3 25. Bxf3 d5 26. Rc3 Re8 27. Qf4 Ne4 28.
Bxe4 dxe4 29. Rdc1 Qd5 30. Qf2 Rec8 31. R1c2 Ne5 32. Bxe5 Qxe5 33. Qf4 Qd4+ 34.
Qf2 Qd5 35. Qf4 Rd8 36. Rc1 h6 37. R1c2 Kh7 38. Qc1 Rdc8 39. Qf4 Qd4+ 40. Qf2
Qd5 41. Qf4 Rf6 42. Qc1 Qf5 43. Qe1 e3 44. Rxc4 Rd8 45. Rc1 Qd5 46. Rc5 Qa8 47.
Qc3 Rf2 48. Rc6 Rd2 49. Qxe3 Rfxe2 50. Qf3 Qa7+ 51. R6c5 Qd7 52. Qf5+ Qxf5 53.
Rxf5 Rg2+ 54. Kf1 Rxh2 55. Kg1 Rdg2+ 56. Kf1 Rxg3 57. Rxf7 Rh1+ 58. Kf2 Rxc1 59.
Kxg3 Rc3+ 60. Rf3 Rc6 61. a4 Rb6 62. Rb3 g5 63. b5 axb5 64. axb5 Kg6 65. Kh3 Kf5
66. Rb1 Kf4 67. Rf1+ Ke3 68. Rb1 h5 69. Kg3 Kd4 70. Rd1+ Kc4 71. Rc1+ Kxb5 72.
Rh1 Rh6 73. Rc1 Rf6 74. Rh1 Rh6 75. Rc1 Rc6 76. Rh1 h4+ 77. Kg4 Rc5 78. Rd1 Kc4
79. Rd2 Rd5 80. Re2 Kd4 81. Re1 Re5 82. Rd1+ Ke4 83. Re1+ Kd5 84. Rd1+ Ke6 85.
Rf1 Rd5 86. Rf2 Re5 87. Rf1 Kd5 88. Rd1+ Kc4 89. Rd2 Kc3 90. Rd1 Kc4 91. Rd2 Kc5
92. Rd1 Rd5 93. Rc1+ Kd4 94. Re1 Kc5 95. Rc1+ Kd6 96. Re1 Kd7 97. Re2 Kd8 98.
Re1 Rc5 99. Re2 Kc7 100. Rd2 Kc6 101. Rd1 Rd5 102. Rc1+ Kb5 103. Rc2 Rc5 104.
Rd2 Kc4 105. Rd1 Kc3 106. Rd6 Re5 107. Rd1 Kc2 108. Rd6 Kc1 109. Rd7 Kc2 110.
Rd6 Rc5 111. Rd7 Rb5 112. Rd6 Kc3 113. Rd7 Kc4 114. Rd1 Rd5 115. Rc1+ Kb5 116.
Rb1+ Kc6 117. Rc1+ Kd6 118. Re1 Re5 119. Rd1+ Ke7 120. Rf1 Ke6 121. Rf2 Kd5 122.
Rf1 Kd4 123. Rd1+ Kc3 124. Rd6 Kc2 125. Rd7 Kc3 126. Rd6 Kc4 127. Rd1 Rd5 128.
Rc1+ Kd4 129. Re1 Rc5 130. Rd1+ Ke3 131. Rf1 Ke2 132. Rf6 Ke1 133. Rf7 Rc2 134.
Rf3 Rg2+ 135. Kh3 Rf2 136. Ra3 Re2 137. Kg4 Rg2+ 138. Kh3 Rg1 139. Kh2 Rf1 140.
Kg2 Rf4 141. Re3+ Kd2 142. Re5 Rg4+ 143. Kh3 Rg3+ 144. Kh2 g4 145. Re4 Kd3 146.
Ra4 Kc2 147. Re4 Kb3 148. Rf4 Ka3 149. Re4 Kb2 150. Rb4+ Kc3 151. Ra4 Kc2 152.
Rc4+ Kd2 153. Ra4 Kd1 154. Ra1+ Kc2 155. Ra4 Kb1 156. Re4 Kc2 157. Ra4 Kd1 158.
Ra1+ Ke2 159. Ra2+ Kf1 160. Ra1+ Kf2 161. Ra2+ Kf1 162. Ra1+ Ke2 163. Ra2+ Ke1
164. Ra1+ Kd2 165. Ra2+ Kd1 166. Ra1+ Kd2 167. Ra2+ Kc1 168. Ra4 Kb2 169. Re4
Kb3 170. Rf4 Kc3 171. Ra4 Kc2 172. Rf4 Kc1 173. Re4 Kd2 174. Ra4 Kc2 175. Rf4
Kc3 176. Ra4 Kb3 177. Re4 Kc2 178. Rf4 Kc1 179. Re4 Kd2 180. Ra4 Rh3+ 181. Kg2
Rg3+ 182. Kh2 Ke1 183. Ra1+ Kf2 184. Ra2+ Kf3 185. Ra3+ Kf2 186. Ra2+ Ke1 187.
Ra1+ Kd2 188. Ra2+ Kc1 189. Ra4 Kb2 190. Re4 Ka3 191. Rf4 Kb3 192. Re4 Kc3 193.
Ra4 Kd2 194. Ra2+ Kc1 195. Ra4 Kb2 196. Re4 Kb3 197. Rf4 Kc2 198. Re4 Kd1 199.
Ra4 Kd2 200. Ra2+ Kc1 201. Ra4 Kb2 202. Re4 Kc3 203. Ra4 Kb3 204. Re4 Kb2 205.
Rf4 Kc2 206. Re4 Kd2 207. Ra4 Kc1 208. Re4 Kb1 209. Rf4 Kb2 210. Re4 Kb3 211.
Rf4 Kc3 212. Ra4 Kb2 213. Re4 Kc2 214. Ra4 Kc1 215. Re4 Kc2 216. Ra4 Kd1 217.
Ra1+ Kd2 218. Ra2+ Kc1 219. Ra4 Kc2 220. Re4 Kd3 221. Ra4 1/2-1/2